LIBRARY & INFORMATION CENTRE, KCAET, TAVANUR

ONLINE PUBLIC ACCESS CATALOGUE (OPAC)

Advancement of learning and new atlantis / (Record no. 1440)

MARC details
000 -LEADER
fixed length control field 00406cam a2200157ua 4500
041 ## - LANGUAGE CODE
Language code of text/sound track or separate title eng
082 ## - DEWEY DECIMAL CLASSIFICATION NUMBER
Classification number 101
Item number BAC/AD
100 ## - MAIN ENTRY--AUTHOR NAME
Personal name Bacon, Francis .
245 ## - TITLE STATEMENT
Title Advancement of learning and new atlantis /
250 ## - EDITION STATEMENT
Edition statement 1 /
260 ## - PUBLICATION, DISTRIBUTION, ETC. (IMPRINT)
Place of publication Calcutta :
Name of publisher Oxford University Press ,
Year of publication 1960.
300 ## - PHYSICAL DESCRIPTION
Number of Pages 298 ; .
942 ## - ADDED ENTRY ELEMENTS (KOHA)
Koha item type Books
Holdings
Withdrawn status Lost status Damaged status Home library Current library Date acquired Cost, normal purchase price Full call number Accession Number Koha item type
Withdrawn     KAUAET KAUAET 07/04/2012 7.60 101 6618 Books
free website counter